000 00310pam a2200145 a 4500
020 _c
041 _h
082 _a658
_bSLO
100 _aSlocum, H.
245 _aManagement
_hTextual Documents
250 _a1st ed
260 _aNew York
_bAddison - Wesley
_c2005
300 _aXXXI/773/C1
930 _a5975
999 _c112803
_d112803